|
|
|
|
| LEADER |
01230nam a2200385 4500 |
| 001 |
DLU060055925 |
| 005 |
##19861208000000.0 |
| 008 |
##860715s1986 si a b 010 0 eng |
| 010 |
# |
# |
|a 86018920
|
| 020 |
# |
# |
|a 9971978423
|
| 020 |
# |
# |
|a 997197858X (pbk.)
|
| 035 |
# |
# |
|9 (DLC) 86018920
|
| 040 |
# |
# |
|a DLC
|c DLC
|d DLC
|
| 082 |
# |
# |
|a 530.41
|b Dir
|
| 245 |
# |
# |
|a Directions in condensed matter physics :
|b memorial volume in honor of Prof. S.K. Ma /
|c edited by G. Grinstein, G. Mazenko.
|
| 260 |
# |
# |
|a Singapore ;
|a Philadelphia, PA :
|b World Scientific,
|c 1986.
|
| 300 |
# |
# |
|a xiv, 252 p. :
|b ill. ;
|c 24 cm.
|
| 440 |
# |
# |
|a World scientific series on directions in condensed matter physics ;
|v v. 1
|
| 504 |
# |
# |
|a "Publications of Shang-Keng Ma:" p. [249]-252.
|
| 504 |
# |
# |
|a Includes bibliographies.
|
| 600 |
# |
# |
|a Ma, Shang-keng,
|d 1940-1983.
|
| 650 |
# |
# |
|a Condensed matter.
|
| 700 |
# |
# |
|a Grinstein, G.
|q (Geoffrey)
|
| 700 |
# |
# |
|a Ma, Shang-keng,
|d 1940-1983.
|
| 700 |
# |
# |
|a Mazenko, G.
|q (Gene)
|
| 923 |
# |
# |
|a 26/2006
|
| 992 |
# |
# |
|a 8000
|
| 994 |
# |
# |
|a DLU
|
| 900 |
# |
# |
|a True
|
| 911 |
# |
# |
|a Thái Thị Thanh Thủy
|
| 925 |
# |
# |
|a G
|
| 926 |
# |
# |
|a A
|
| 927 |
# |
# |
|a SH
|
| 980 |
# |
# |
|a Thư viện Trường Đại học Đà Lạt
|